Lege das Alphabet zurück in die deutschen Mittelstädte - Statistiken

Allgemein
  • Dieses Quiz wurde 154 mal gespielt
  • Das Durchschnittsergebnis liegt bei 19 aus 26
Antwortstatistiken
Hint Explanation Antwort % Korrekt
Uxhaven Cuxhaven C
88%
Hf Hof O
86%
Wilhelmshven Wilhelmshaven A
84%
Scwäbisch Gmünd Schwäbisch Gmünd H
83%
Zickau Zwickau W
83%
Stralsun Stralsund D
82%
Coppenburg Cloppenburg L
81%
Kontanz Konstanz S
81%
Grevenroich Grevenbroich B
78%
Illingen-Schwenningen Villingen-Schwenningen V
78%
Anten Xanten X
75%
Uedlinburg Quedlinburg Q
74%
Bad Saluflen Bad Salzuflen Z
74%
Wernigrode Wernigerode E
73%
Kamp-Lntfort Kamp-Lintfort I
69%
Hoerswerda Hoyerswerda Y
68%
Lego Lemgo M
67%
Ülich Jülich J
66%
Blankefelde-Mahlow Blankenfelde-Mahlow N
65%
Ornwestheim Kornwestheim K
64%
Sonthoen Sonthofen F
61%
Arbsen Garbsen G
60%
Fungstadt Pfungstadt P
60%
Iesa Riesa R
60%
Lehre Lehrte T
58%
Strasberg Strausberg U
57%
Keine übereinstimmenden Quizze gefunden
Verteilung der Resultate
Anzahl Personen mit jedem Resultat
Perzentil nach korrekt beantworteten Fragen
Ihre Resultats-Entwicklung
Sie haben dieses Quiz noch nicht gespielt